[Event "Leca da Palmeira op 3rd"]
[Site "Leca da Palmeira"]
[Date "2024.07.31"]
[Round "1"]
[White "Munoz Garcia, Jesus"]
[Black "Balbuena Fuentes, Mario"]
[Result "0-1"]
[WhiteElo "1956"]
[BlackElo "2312"]
[PlyCount "46"]
[EventDate "2024.07.31"]
[EventType "swiss"]
[EventRounds "9"]
[EventCountry "POR"]
[SourceTitle "EXT 2025"]
[Source "ChessBase"]
[SourceDate "2024.10.14"]
[SourceVersion "1"]
[SourceVersionDate "2024.10.14"]
[SourceQuality "1"]

1. e4 d6 2. d4 Nf6 3. Nc3 g6 4. f4 Bg7 5. Nf3 0-0 6. e5 dxe5 7. fxe5 Nd5 8. Bc4 Nxc3 9. bxc3 c5 10. 0-0 Bg4 11. Rb1 Nc6 12. Be3 Qa5 13. Qe1 cxd4 14. cxd4 Rac8 15. Qh4 h5 16. Bb3 e6 17. Nd2 Nxd4 18. Nc4 Qd5 19. h3 Nxb3 20. cxb3 Be2 21. Bxa7 Bxf1 22. Rxf1 b5 23. Nd6 Rc7 0-1

[Event "Seville City-ch Rapid"]
[Site "Seville"]
[Date "2023.02.28"]
[Round "3"]
[White "Munoz Garcia, Jesus"]
[Black "Silva Lucena, Cristian"]
[Result "0-1"]
[WhiteElo "1933"]
[BlackElo "2303"]
[PlyCount "60"]
[EventDate "2023.02.28"]
[EventType "swiss (rapid)"]
[EventRounds "7"]
[EventCountry "ESP"]
[SourceTitle "CBM 213 Extra"]
[Source "ChessBase"]
[SourceDate "2023.05.31"]
[SourceVersion "1"]
[SourceVersionDate "2023.05.31"]
[SourceQuality "1"]

1. d4 Nf6 2. Nf3 g6 3. e3 Bg7 4. c4 0-0 5. Nc3 d6 6. Be2 Nc6 7. 0-0 e5 8. Re1 e4 9. Nd2 Re8 10. Qc2 Qe7 11. Rb1 h5 12. b4 Bf5 13. b5 Nd8 14. a4 h4 15. h3 Ne6 16. Ba3 Ng5 17. Bf1 Qd7 18. Kh2 Nh5 19. Nd5 c6 20. bxc6 bxc6 21. Nc3 Bxd4 22. Red1 Be5+ 23. Kg1 Bxh3 24. Ndxe4 Bf5 25. Bd3 Nxe4 26. Bxe4 Bxc3 27. Bxf5 Qxf5 28. Qxc3 h3 29. Bb2 f6 30. g3 Qf3 0-1

[Event "ESP-ch U16"]
[Site "Granada"]
[Date "2016.07.18"]
[Round "2"]
[White "Munoz Garcia, Jesus"]
[Black "Rottenwohrer Suarez, Juan"]
[Result "1-0"]
[WhiteElo "1909"]
[BlackElo "2096"]
[PlyCount "81"]
[EventDate "2016.07.18"]
[EventType "swiss"]
[EventRounds "9"]
[EventCountry "ESP"]
[SourceTitle "EXT 2024"]
[Source "ChessBase"]
[SourceDate "2023.10.10"]
[SourceVersion "1"]
[SourceVersionDate "2023.10.10"]
[SourceQuality "1"]

1. e4 c5 2. Nf3 g6 3. Nc3 Bg7 4. h3 Nc6 5. Bb5 Nd4 6. 0-0 a6 7. Be2 e6 8. Nb1 Ne7 9. c3 Nxf3+ 10. Bxf3 d5 11. d3 0-0 12. Qe2 Nc6 13. Nd2 b6 14. g3 Bb7 15. Bg2 Qd7 16. f4 dxe4 17. dxe4 Rad8 18. e5 Qd3 19. Qxd3 Rxd3 20. Kh2 Na5 21. Bxb7 Nxb7 22. Rf3 Rd5 23. Nb3 Rfd8 24. Be3 Bf8 25. Kg2 R8d7 26. g4 c4 27. Nd4 Bc5 28. Raf1 Bxd4 29. Bxd4 Rb5 30. R1f2 Nd8 31. f5 gxf5 32. gxf5 exf5 33. Rxf5 Ne6 34. Be3 Nf8 35. Bg5 Ng6 36. Bf6 Rdd5 37. Kh2 Nxe5 38. Re2 Ng6 39. Re8+ Nf8 40. Rf2 Rg5 41. Be7 1-0

[Event "Andalucia-ch U12"]
[Site "Islantilla"]
[Date "2012.04.13"]
[Round "3"]
[White "Munoz Garcia, Jesus"]
[Black "Martin Munoz, Jose"]
[Result "1-0"]
[WhiteElo "1259"]
[BlackElo "1475"]
[PlyCount "43"]
[EventDate "2012.04.13"]
[EventType "swiss"]
[EventRounds "9"]
[EventCountry "ESP"]
[SourceTitle "CBM 148 Extra"]
[Source "ChessBase"]
[SourceDate "2012.06.22"]
[SourceVersion "1"]
[SourceVersionDate "2012.06.22"]
[SourceQuality "1"]

1. d4 d5 2. Nf3 Nf6 3. Bg5 Nc6 4. e3 Ne4 5. Bf4 Bg4 6. Be2 e6 7. Nbd2 Nxd2 8. Qxd2 Bf5 9. 0-0 Bd6 10. Bxd6 cxd6 11. Qc3 Rc8 12. Bb5 Qb6 13. Qb3 Bxc2 14. Bxc6+ Qxc6 15. Qa3 Ba4 16. b3 Bb5 17. Rfc1 Qd7 18. Rxc8+ Qxc8 19. Qa5 Bd7 20. Ne1 h5 21. a4 h4 22. h3 1-0